Countries that beat the USA at HDI - Statistics

General Stats
  • This quiz has been taken 30 times
  • The average score is 19 of 20
Answers on the Map
Answers color-coded by a green-red scale on the quiz's map according to % correct below.
 
Answer Stats
Country HDI % Correct
Australia 0.951
100%
Belgium 0.937
100%
Canada 0.936
100%
Denmark 0.948
100%
Finland 0.940
100%
Germany 0.942
100%
Iceland 0.959
100%
Ireland 0.945
100%
Japan 0.925
100%
Netherlands 0.941
100%
Norway 0.961
100%
South Korea 0.925
100%
Sweden 0.947
100%
Switzerland 0.962
100%
United Kingdom 0.929
100%
Luxembourg 0.930
96%
New Zealand 0.937
96%
Liechtenstein 0.935
88%
Singapore 0.939
85%
Hong Kong 0.952
54%
No matching quizzes found
Score Distribution
Percent of People with Each Score
Percentile by Number Answered
Your Score History
You have not taken this quiz